000 00500pab a2200181 454500
008 180718b2000 xxu||||| |||| 00| 0 eng d
100 _aChawla, Anil
245 _aAffordability of technical education: a social perspective
260 _c2000
300 _ap.6-7
362 _a28 Oct and 10 Nov
650 _aTechnical education - India
650 _aEducation - India
650 _aProfessional education - India
650 _aTechnical education
773 _aYoung Indian
909 _a46729
999 _c46729
_d46729